000 01728nam1a22003011i 4500
001 rc\3955281
005 20240724174159.0
035 _a(NLR Aleph) 008047152
090 _a8918331
_c8918331
100 _a20130415d1948 |||y0rusy50 ca
101 0 _arus
102 _aRU
105 _a z |||||
200 1 _aСобрание сочинений
_eВ 12 т.
_f[Вступ. статьи: проф. В.П. Бушинский. "Роль В.Р. Вильямса в развитии сельскохозяйственных и биологических наук"; Вл. Р. Вильямс и В.В. Вильямс. "Василий Робертович Вильямс", с. 7-63
_gРед. коллегия: Засл. деятель науки, чл.-кор. Акад. наук СССР В.П. Бушинский, акад. Т.Д. Лысенко, чл.-кор. Акад. наук БССР М.Г. Чижевский]. Т. 1-
210 _aМосква
_cСельхозгиз
_d1948
_gОбразцовая тип. им. Жданова
_gТип. "Искра революции"
215 _d27
300 _aПеред загл. авт.: В.Р. Вильямс
606 _aПочвоведение
_2psbo
700 1 _aВильямс
_bВ.Р.
_f1863-1939
_gВасилий Робертович
702 1 _aВильямс
_bВ.В.
_gВасилий Васильевич
_4080
702 1 _aЛысенко
_bТ.Д.
_4340
702 1 _aЧижевский
_bМ.Г.
_4340
702 1 _aВильямс
_bВ.Р.
_gВладимир Робертович
_4080
702 1 _aБушинский
_bВ.П.
_gВладимир Петрович
_4080
_4340
801 0 _aRU
_bNLR
_gpsbo
801 1 _aRU
_bELAR
_2rusmarc
852 _aNLR
_jС10 Г-8/13
942 _cBOOK